[Event "BRA-ch sf-B"]
[Site "Fortaleza"]
[Date "2012.11.04"]
[Round "8"]
[White "Santos, Giovanna Leticia Sa"]
[Black "Da Sousa, Virginio Aleixo"]
[Result "1-0"]
[WhiteElo "1800"]
[BlackElo "1702"]
[PlyCount "151"]
[EventDate "2012.11.01"]
[EventType "swiss"]
[EventRounds "8"]
[EventCountry "BRA"]
[SourceTitle "EXT 2013"]
[Source "ChessBase"]
[SourceDate "2012.11.22"]
[SourceVersion "1"]
[SourceVersionDate "2012.11.22"]
[SourceQuality "1"]

1. e4 d6 2. d3 g6 3. Nc3 Bg7 4. Bd2 c6 5. Nf3 Qc7 6. Rb1 a5 7. a3 Nf6 8. h3 0-0 9. Be2 Re8 10. 0-0 e5 11. Be3 d5 12. Bd2 d4 13. Na2 Be6 14. Nc1 a4 15. Ra1 Nbd7 16. Na2 Nc5 17. Nb4 h6 18. Qc1 Kh7 19. Qd1 Rf8 20. Qb1 Ng8 21. b3 axb3 22. cxb3 Nxb3 23. Ra2 Nxd2 24. Rxd2 Rxa3 25. Qb2 Rfa8 26. Rb1 Bf8 27. Qc1 h5 28. Ng5+ Kh8 29. Nxe6 fxe6 30. Rdb2 Bxb4 31. Rxb4 Rc3 32. Qg5 b5 33. Qxg6 Rf8 34. Qxh5+ Qh7 35. Qxe5+ Rf6 36. Qxd4 Rc2 37. Bf3 c5 38. Qe5 cxb4 39. Rxb4 Rc1+ 40. Kh2 Rf1 41. Rb2 Qg7 42. g4 Rxf3 43. Qxg7+ Kxg7 44. Kg2 R3xf2+ 45. Rxf2 Rxf2+ 46. Kxf2 Kf6 47. Ke2 Ne7 48. Kd2 Ke5 49. Kc3 Kd6 50. h4 Ke5 51. h5 Kf4 52. h6 Ng6 53. Kb4 Kxg4 54. Kxb5 Nf8 55. Kc5 Kg5 56. Kd6 Kf6 57. e5+ Kg6 58. Ke7 Nh7 59. Kxe6 Ng5+ 60. Kd6 Kxh6 61. e6 Nxe6 62. Kxe6 Kg6 63. d4 Kg7 64. Ke7 Kg6 65. d5 Kf5 66. d6 Ke5 67. d7 Ke4 68. d8Q Ke5 69. Qd6+ Ke4 70. Ke6 Ke3 71. Ke5 Ke2 72. Qd4 Ke1 73. Qb2 Kd1 74. Ke4 Ke1 75. Ke3 Kf1 76. Qf2# 1-0

[Event "Carvalho Memorial op"]
[Site "Juazeiro do Norte"]
[Date "2012.10.14"]
[Round "5"]
[White "Viana, Natanael Bezerra"]
[Black "Da Sousa, Virginio Aleixo"]
[Result "1-0"]
[WhiteElo "1809"]
[BlackElo "1702"]
[PlyCount "127"]
[EventDate "2012.10.12"]
[EventType "swiss"]
[EventRounds "6"]
[EventCountry "BRA"]
[SourceTitle "EXT 2013"]
[Source "ChessBase"]
[SourceDate "2012.11.22"]
[SourceVersion "1"]
[SourceVersionDate "2012.11.22"]
[SourceQuality "1"]

1. d4 g6 2. e4 d6 3. c4 Nd7 4. Nf3 Bg7 5. Be3 Ngf6 6. Nc3 0-0 7. h3 c6 8. Qd2 Qc7 9. Bh6 e5 10. Bxg7 Kxg7 11. 0-0-0 a6 12. Be2 b5 13. h4 b4 14. Na4 Nxe4 15. Qe3 Ndf6 16. Ng5 Nxg5 17. hxg5 Ng4 18. Bxg4 Bxg4 19. f3 Be6 20. b3 Rh8 21. Rh6 Raf8 22. dxe5 dxe5 23. Nc5 Bc8 24. Nd3 a5 25. Qxe5+ Qxe5 26. Nxe5 Bb7 27. Rd7 Ba8 28. Ra7 c5 29. Rxa5 Rc8 30. Ra7 Rhf8 31. Nd7 Rfe8 32. Nf6 Rh8 33. Re7 Bc6 34. Re5 Ba8 35. Nd7 Rhe8 36. Rxe8 Rxe8 37. Rxh7+ Kxh7 38. Nf6+ Kg7 39. Nxe8+ Kf8 40. Nf6 Ke7 41. Kd2 Ke6 42. Ke3 Kf5 43. Nd7 Ke6 44. Nxc5+ Kd6 45. Nd3 Kc6 46. Ne5+ Kc5 47. Nxf7 Bc6 48. Ne5 Be8 49. Nd3+ Kd6 50. Nxb4 Bd7 51. g4 Be6 52. Kd4 Kc7 53. Nd3 Bd7 54. Ke5 Bc6 55. Ne1 Kb6 56. Kf6 Kc5 57. Kxg6 Kb4 58. Kf7 Ka3 59. g6 Kxa2 60. g7 Kxb3 61. g8Q Kxc4 62. Ke7+ Bd5 63. Qxd5+ Kxd5 64. Kf6 1-0

[Event "Carvalho Memorial op"]
[Site "Juazeiro do Norte"]
[Date "2012.10.13"]
[Round "4"]
[White "Da Sousa, Virginio Aleixo"]
[Black "Caio, Francisco Ferreira"]
[Result "0-1"]
[WhiteElo "1702"]
[BlackElo "1674"]
[PlyCount "160"]
[EventDate "2012.10.12"]
[EventType "swiss"]
[EventRounds "6"]
[EventCountry "BRA"]
[SourceTitle "EXT 2013"]
[Source "ChessBase"]
[SourceDate "2012.11.22"]
[SourceVersion "1"]
[SourceVersionDate "2012.11.22"]
[SourceQuality "1"]

1. d4 d5 2. c4 c6 3. Nc3 e6 4. Nf3 Nf6 5. Bg5 Be7 6. e3 0-0 7. Bd3 dxc4 8. Bxc4 b5 9. Bb3 a6 10. a3 Bb7 11. 0-0 Nbd7 12. Bc2 c5 13. dxc5 Nxc5 14. Qe2 Nd5 15. Bxe7 Qxe7 16. Ne4 Nxe4 17. Bxe4 Nf6 18. Bxb7 Qxb7 19. Rfd1 Rfd8 20. h3 Rac8 21. Rxd8+ Rxd8 22. Rc1 Qd7 23. Rc2 h6 24. Qd2 Qe7 25. Qc3 Qd6 26. Rd2 Qb6 27. Rxd8+ Qxd8 28. Qd4 Qc7 29. Qd1 Nd5 30. Nd4 Nf6 31. Qc2 Qxc2 32. Nxc2 Ne8 33. b3 Nc7 34. e4 Kf8 35. Kf1 Ke7 36. Ke2 Kd6 37. Kd3 a5 38. a4 Kc5 39. Kc3 e5 40. f3 g6 41. g3 f5 42. Kd3 Ne6 43. exf5 gxf5 44. axb5 Kxb5 45. h4 Nd4 46. f4 Nc6 47. fxe5 Nxe5+ 48. Kc3 Nc6 49. Ne3 Ne7 50. Nc2 Nc6 51. Kd3 Nb4+ 52. Nxb4 Kxb4 53. Kc2 Kb5 54. Kc3 Kc5 55. Kc2 Kd4 56. Kd2 Ke4 57. Ke2 h5 58. Kf2 Kd3 59. Ke1 Kc3 60. Kd1 Kxb3 61. Kc1 Kc3 62. Kd1 Kd3 63. Ke1 Ke3 64. Kf1 Kf3 65. g4 fxg4 66. Kg1 a4 67. Kf1 a3 68. Ke1 a2 69. Kd2 a1Q 70. Kd3 Qe5 71. Kc4 Ke4 72. Kb4 Qc7 73. Kb5 Kd5 74. Kb4 Qc5+ 75. Kb3 Kd4 76. Kb2 g3 77. Kb3 Qc3+ 78. Ka4 Qb2 79. Ka5 Kc5 80. Ka6 Qb6# 0-1